Indian Economy

Na minha lista:
Detalhes bibliográficos
Autor principal: Ramesh Singh
Formato: Livro
Publicado em: MGH
Assuntos:
Tags: Adicionar Tag
Sem tags, seja o primeiro a adicionar uma tag!

MARC

LEADER 00000nam a2200000Ia 4500
005 20260427112728.0
526 |b Economics 
100 |a Ramesh Singh 
020 |a 9789364446570 
650 |a Indian Economy 
526 |a Bachelors 
942 |c BK 
245 |a Indian Economy 
260 |b MGH 
999 |c 122  |d 122 
952 |0 0  |1 0  |4 0  |7 0  |8 1  |a BRISTOL  |b BRISTOL  |d 2026-04-22  |l 0  |p 000009  |r 2026-04-27 11:27:28  |w 2026-04-27  |y BK